Imaginería colonial (Record no. 5336)

MARC details
000 -CABECERA
campo de control de longitud fija 00722nam a2200229 a 4500
001 - NÚMERO DE CONTROL
campo de control BRCA_5642
005 - FECHA Y HORA DE LA ÚLTIMA TRANSACCIÓN
campo de control 20190320205150.0
008 - DATOS DE LONGITUD FIJA--INFORMACIÓN GENERAL
campo de control de longitud fija 220211t1941----mx-a######---#000-0#spa-#
041 ## - CÓDIGO DE LENGUA
Código de lengua del texto/banda sonora o título independiente spa
044 ## - CÓDIGO DEL PAÍS DE LA ENTIDAD EDITORA/PRODUCTORA
Código MARC del país mx
050 #4 - SIGNATURA TOPOGRÁFICA DE LA BIBLIOTECA DEL CONGRESO
Número de clasificación NB253
Número de documento/Ítem .I43 1941
245 10 - MENCIÓN DE TÍTULO
Título Imaginería colonial
Mención de responsabilidad, etc. introd. Manuel Toussaint ; ilustración Manuel Rodríguez Lozano.
260 ## - PUBLICACIÓN, DISTRIBUCIÓN, ETC.
Lugar de publicación, distribución, etc. México
Nombre del editor, distribuidor, etc. UNAM, Escuela Nacional de Artes Plásticas
Fecha de publicación, distribución, etc. 1941
300 ## - DESCRIPCIÓN FÍSICA
Extensión 8 p.
Otras características físicas il., 26 láminas
Dimensiones 37 cm.
500 ## - NOTA GENERAL
Nota general Edición con cintillas
500 ## - NOTA GENERAL
Nota general F120
650 14 - PUNTO DE ACCESO ADICIONAL DE MATERIA--TÉRMINO DE MATERIA
Término de materia o nombre geográfico como elemento de entrada Escultura mexicana
9 (RLIN) 2432
700 1# - PUNTO DE ACCESO ADICIONAL--NOMBRE DE PERSONA
Nombre de persona Toussaint, Manuel
Fechas asociadas al nombre 1890-1955
9 (RLIN) 14351
700 1# - PUNTO DE ACCESO ADICIONAL--NOMBRE DE PERSONA
Nombre de persona Rodríguez Lozano, Manuel
Fechas asociadas al nombre 1897-1971
Término indicativo de función/relación Ilustrador
9 (RLIN) 14352
902 ## - CATALOGADOR
Iniciales GFM
942 ## - ELEMENTOS DE PUNTO DE ACCESO ADICIONAL (KOHA)
Fuente del sistema de clasificación o colocación Library of Congress Classification
Tipo de ítem Koha Libros
Holdings
Estado de retiro Estado de pérdida Estado dañado No para préstamo Localización permanente Ubicación/localización actual Fecha de adquisición Número de inventario Total de préstamos Signatura topográfica completa Código de barras Fecha visto por última vez Precio válido a partir de Tipo de ítem Koha
El ejemplar forma parte de la colección y puede ser consultado según las políticas vigentes.       Biblioteca del Museo Franz Mayer (Rogerio Casas-Alatriste) Biblioteca del Museo Franz Mayer (Rogerio Casas-Alatriste) 15/02/2011 F120   NB253 .I43 1941 (F120) 6078 22/03/2019 22/03/2019 Libros